[Event "Asheboro Open 59"]
[Site "?"]
[Date "2010.07.10"]
[Round "1"]
[White "Williams, Mike"]
[Black "Embler, Matt"]
[Result "0-1"]
[WhiteElo "1929"]
[BlackElo "1743"]
[Annotator "Deep Rybka 4 x64 (90s)"]
[PlyCount "90"]
[EventDate "2010.07.11"]
[EventType "swiss"]
[EventRounds "3"]
[SourceDate "2006.11.11"]

{C28: Vienna Game: 2...Nf6 3 Bc4 Nc6} 1. e4 e5 2. Nf3 {
White threatens to win material: Nf3xe5} Nf6 {
Black threatens to win material: Nf6xe4} 3. Nc3 Bb4 4. Bc4 Nc6 5. d3 d5 6. exd5
Nxd5 7. Bd2 Be6 8. O-O Nxc3 9. bxc3 Bxc4 10. cxb4 Be6 11. Bc3 f6 {Secures g5}
12. b5 Nd4 (12... Ne7 13. Re1 $11) 13. Bxd4 $16 exd4 14. Qe2 {
White threatens to win material: Qe2xe6} Kf7 {Black loses the right to castle}
15. Qe4 {White threatens to win material: Qe4xb7} (15. Rfe1 Re8 $14) 15... Bd5
$11 {Black threatens to win material: Bd5xe4} 16. Qxd4 Bxf3 17. Qxd8 Raxd8 18.
gxf3 {A double rook endgame occured} Rd5 19. a4 Rg5+ 20. Kh1 Rf5 {
Black threatens to win material: Rf5xf3} 21. Kg2 Rg5+ 22. Kh3 (22. Kh1 Rc5 $15)
22... Rd8 (22... Rc5 23. f4 $15) 23. Rfe1 Rdd5 24. f4 $2 (24. Re4 $142 $5 {
and White has air to breath} Rdf5 25. f4 $11) 24... Rg6 $17 25. f5 $4 {
terrible, but what else could White do to save the game?} (25. Kh4 $142 Rg2 26.
Re4 g5+ 27. fxg5 Rdxg5 28. Kh3 Rxf2 29. Rae1 Rxc2 30. R1e2 Rxe2 31. Rxe2 $17)
25... Rxf5 26. Re4 Rf3+ 27. Kh4 Rxf2 (27... Rg2 28. Re7+ Kxe7 29. Re1+ Kf8 30.
Re3 g5+ 31. Kh5 Rf4 32. Rh3 Rgg4 33. c4 Rh4+ 34. Rxh4 Rxh4#) 28. Kh3 (28. Rg4 {
doesn't improve anything} Rxh2+ 29. Kg3 Rxc2 30. Rxg6 Kxg6 $19) 28... Rxc2 (
28... Rf3+ 29. Kh4 Rg2 30. Re7+ Kxe7 31. Re1+ Kd6 32. Re6+ Kxe6 33. h3 g5+ 34.
Kh5 Rxh3#) 29. Rae1 Rh6+ 30. Kg3 Rhxh2 31. Re7+ Kg6 32. Rd7 (32. Rxc7 {
is not the saving move} Rxc7 33. Kxh2 Rd7 $19) 32... h5 33. Ree7 (33. Kf4 $19 {
what else?}) 33... h4+ 34. Kf4 Rcf2+ 35. Ke3 Re2+ 36. Kf4 Rxe7 37. Rxe7 Rg2 38.
Rxc7 h3 39. Kf3 Rg5 40. Rc2 Rh5 41. Rh2 Kf5 42. a5 (42. Kg3 {
doesn't change anything anymore} g5 $19) 42... g5 43. Kg3 g4 44. d4 (44. Rb2
Kg5 45. Kh2 Kh4 $19) 44... Kg5 45. d5 f5 (45... f5 46. Kf2 f4 $19) 0-1

[Event "Asheboro Open 59"]
[Site "?"]
[Date "2010.07.10"]
[Round "2"]
[White "Baldwin, Scott"]
[Black "Williams, Mike"]
[Result "0-1"]
[WhiteElo "1908"]
[BlackElo "1929"]
[Annotator "Deep Rybka 4 x64 (90s)"]
[PlyCount "124"]
[EventDate "2010.07.11"]
[EventType "swiss"]
[EventRounds "3"]
[SourceDate "2006.11.11"]

{D02: 1 d4 d5 2 Nf3 sidelines, including 2...Nf6 3 g3 and 2...Nf6 3 Bf4} 1. d4
Nf6 2. Nf3 d5 3. g3 e6 4. Bg2 Bd6 5. O-O O-O 6. Bg5 h6 7. Bf4 b6 8. Nbd2 c5 9.
Bxd6 Qxd6 10. c3 Bb7 11. Re1 Nbd7 12. Qc2 Rac8 13. Rad1 Rfe8 14. Qa4 cxd4 15.
Nxd4 Nc5 16. Qa3 (16. Qxa7 $4 {a poisoned pawn} Ra8 17. Nb5 Qd8 18. Qxa8 Bxa8
$19) 16... a6 {Secures b5} 17. N4b3 Qc7 18. Qb4 a5 19. Qh4 e5 20. Nxc5 bxc5 21.
Qh3 (21. Qa4 $5 $15 {is worth looking at}) 21... Rcd8 $17 22. Qf5 Bc8 (22... e4
$5 $17) 23. Qc2 $15 Rd6 24. Nf1 (24. e4 Bg4 25. Ra1 dxe4 26. Nxe4 Nxe4 27. Qxe4
Bh5 $11) 24... Qd8 25. Ne3 {Now all is on d5} Be6 26. Rd2 d4 {
Black threatens to win material: d4xe3} 27. Red1 Nd5 $4 {
Black lets it slip away} (27... Rd7 $142 {would keep Black alive} 28. cxd4 cxd4
$15) 28. Nc4 $18 Ra6 (28... Rc6 29. Nxe5 Rc8 30. Qa4 $18) 29. Nxe5 Qf6 (29...
Qc7 30. cxd4 cxd4 31. Qa4 $18) 30. cxd4 cxd4 31. Qa4 Qxe5 $4 {
but even a better move would not have saved the game} (31... Raa8 32. Qxd4 Rac8
$18) 32. Qxe8+ Kh7 33. Rxd4 (33. Qb5 $142 {
and the rest is a matter of technique} Rb6 34. Qxa5 Qb8 35. Bxd5 Rb5 $18) 33...
Nf6 34. Qe7 Rb6 35. R1d2 (35. b3 $142 $5 {might be the shorter path} Rb5 $18)
35... Rxb2 36. Rxb2 Qxd4 37. Qa3 Qd1+ (37... Bf5 {is not the saving move} 38.
Rb5 Bg6 39. Qc1 $18) 38. Bf1 g6 39. Qd3 Qa1 (39... Qc1 {is not much help} 40.
Qc2 Qg5 41. e3 $18) 40. Rd2 (40. Qb1 $142 $5 {makes it even easier for White}
Qxb1 41. Rxb1 Ne4 $18) 40... Nd5 41. Qd4 (41. a3 {and White can already relax}
Nc3 42. Rc2 Ne4 $18) 41... Qc1 $6 {puts up no strong fight} (41... Nc3 42. Kg2
Qc1 $18) 42. Rd1 Qa3 (42... Qc7 $18 {doesn't get the cat off the tree}) 43. Bg2
(43. e4 $142 {it becomes clear that White will call all the shots} Ne7 44. Qd6
Qxd6 45. Rxd6 Bxa2 46. Ra6 $18) 43... Nc3 $16 {Black plans a4} 44. Re1 $4 {
hands over the advantage to the opponent} (44. Qd3 $142 Qb2 45. Re1 $16) 44...
Nxa2 $4 {forfeits the clear win} (44... Nxe2+ $142 {
Black has a promising position} 45. Rxe2 Qc1+ 46. Bf1 Bh3 $19) 45. Ra1 (45. Bd5
$142 $5 {seems even better} Qe7 $18) 45... Qb3 46. h4 a4 47. Be4 (47. h5 $142 {
a pity that White didn't try this} Nc3 48. hxg6+ Kxg6 49. Qd3+ Kg7 50. Rc1 $18)
47... Nc3 $16 48. Bd3 a3 (48... Qb2 $142 49. Rxa4 Nxa4 50. Qxa4 Bd5 $16) 49.
Qa7 $4 {not a good decision, because now the opponent is right back in the game
} (49. h5 $142 {would have given White the upper hand} Kg8 50. hxg6 $18) 49...
a2 $11 50. h5 {White threatens to win material: h5xg6} Nxe2+ 51. Kg2 $4 {
makes life more difficult} (51. Bxe2 $142 {saving the game} Qb1+ 52. Rxb1
axb1=Q+ 53. Kh2 $11) 51... Qxd3 $19 52. Rxa2 (52. Qe3 {does not help much} Bd5+
53. Kh2 Qxe3 54. fxe3 gxh5 55. Kh3 $19) 52... Bxa2 (52... Bd5+ 53. Kh2 Qf3 54.
hxg6+ Kxg6 55. Ra6+ Kg7 56. Rg6+ Kxg6 57. Qb6+ Kg7 58. Qb2+ f6 59. Qb7+ Bxb7
60. Kh3 Qh5#) 53. Qxa2 $19 Kg7 54. hxg6 Kxg6 55. Qb2 (55. Qa8 {
otherwise it's curtains at once} Kg7 56. Qc6 $19) 55... Qd5+ 56. f3 (56. Kh2 {
doesn't improve anything} Nd4 57. Kg1 Kf5 $19) 56... Nd4 57. Qb1+ (57. Qf2 $19
{hoping against hope}) 57... Kg7 (57... Kf6 58. Qa1 Qxf3+ 59. Kh2 Qf2+ 60. Kh3
h5 61. Qa6+ Kg5 62. Qa1 Nf5 63. Qc3 Qxg3+ 64. Qxg3+ Nxg3 65. Kxg3 h4+ 66. Kg2
Kg4 67. Kg1 f5 68. Kh2 f4 69. Kg1 f3 70. Kf2 Kf4 71. Kf1 h3 72. Kg1 Ke3 73. Kh2
f2 74. Kxh3 f1=Q+ 75. Kg4 Qf6 76. Kh5 Qg7 77. Kh4 Kf4 78. Kh3 Qg3#) 58. Qd3
Qxf3+ 59. Qxf3 Nxf3 60. Kxf3 Kg6 (60... h5 $142 $19 {keeps an even firmer grip}
) 61. Kg4 $4 {White crumbles in face of a dire situation} (61. g4 Kg5 62. Kg3
f6 $19) 61... f5+ (61... h5+ 62. Kf4 Kf6 63. Kf3 Kf5 64. Kf2 Kg4 65. Kg2 f6 66.
Kf2 Kh3 67. Kf3 f5 68. Kf2 Kh2 69. Kf3 Kg1 70. Kf4 Kf2 71. Ke5 Kf3 72. Kf6 Kxg3
73. Kxf5 h4 74. Ke4 h3 75. Kd5 Kf4 76. Kc6 Ke5 77. Kb5 Kd5 78. Kb4 h2 79. Kb3
h1=Q 80. Kc3 Qd1 81. Kb4 Qd3 82. Ka5 Kc5 83. Ka4 Qg3 84. Ka5 Qa3#) 62. Kh3 (62.
Kf4 Kf6 63. g4 fxg4 64. Kxg4 h5+ 65. Kxh5 $11) 62... h5 0-1

[Event "Asheboro Open 59"]
[Site "?"]
[Date "2010.07.10"]
[Round "2"]
[White "Baldwin, Scott"]
[Black "Williams, Mike"]
[Result "0-1"]
[WhiteElo "1908"]
[BlackElo "1929"]
[Annotator "Williams,Mike"]
[PlyCount "124"]
[EventDate "2010.07.11"]
[EventType "swiss"]
[EventRounds "3"]
[SourceDate "2006.11.11"]

1. d4 Nf6 2. Nf3 d5 3. g3 e6 4. Bg2 Bd6 5. O-O O-O 6. Bg5 h6 7. Bf4 b6 8. Nbd2
c5 9. Bxd6 Qxd6 10. c3 Bb7 11. Re1 Nbd7 12. Qc2 Rac8 13. Rad1 Rfe8 14. Qa4 cxd4
15. Nxd4 Nc5 16. Qa3 a6 17. N4b3 Qc7 18. Qb4 a5 19. Qh4 e5 20. Nxc5 bxc5 21.
Qh3 Rcd8 22. Qf5 Bc8 23. Qc2 Rd6 24. Nf1 Qd8 25. Ne3 Be6 26. Rd2 d4 27. Red1
Nd5 $2 ({A time-pressure-induced blunder. Much better was} 27... Rd7 28. cxd4
cxd4 29. Nc4 Rc7 30. b3 Qc8) 28. Nc4 Ra6 29. Nxe5 Qf6 (29... Qc7 {
would put up more of a fight} 30. cxd4 cxd4 31. Qxc7 Nxc7 32. Bc6 Re7 33. Rxd4
Bxa2 34. Rd8+ Kh7 35. Be4+ g6 36. f4 $16) 30. cxd4 cxd4 31. Qa4 Qxe5 $4 ({
Overlooking the hanging rook on e8. Black should try} 31... Nc7 32. Qxd4 Bxa2
33. f4 {with a complicated position}) 32. Qxe8+ Kh7 33. Rxd4 Nf6 34. Qe7 Rb6
35. R1d2 $2 ({White's first slip in time pressure. Simpler is} 35. b3) 35...
Rxb2 36. Rxb2 Qxd4 37. Qa3 Qd1+ 38. Bf1 g6 ({The tempting} 38... Bh3 $2 {
loses to} 39. Qd3+) 39. Qd3 Qa1 40. Rd2 (40. Qb1 {
would have forced a queen trade} Qxb1 41. Rxb1 Bxa2 42. Ra1 Be6 43. Rxa5 $18)
40... Nd5 ({Again not} 40... Bh3 41. Rd1 $18) 41. Qd4 Qc1 42. Rd1 Qa3 43. Bg2
$2 ({Driving the black knight where it wants to go.} 43. e4 Nb4 44. Qf6 $1 {
wins, threatening Rd8 followed by mate on h8. This threat would have halted
Black's counterplay.}) 43... Nc3 44. Re1 Nxa2 $2 ({Missing a shot:} 44... Nxe2+
$1 45. Rxe2 Qc1+ 46. Bf1 Bh3 {(this finally succeeds)} 47. Re1 {(forced)} Qxe1
48. Qc4 $17 {Instead, the rest of the game is a typical time scramble.}) 45.
Ra1 Qb3 46. h4 a4 47. Be4 Nc3 48. Bd3 a3 49. Qa7 a2 50. h5 Nxe2+ 51. Kg2 (51.
Bxe2 Qb1+ $1 52. Rxb1 axb1=Q+ 53. Kh2 $11) 51... Qxd3 $19 52. Rxa2 Bxa2 (52...
Bd5+ {forces mate after} 53. Kh2 Qf3 {
but in a time scramble Black takes the exchange.}) 53. Qxa2 Kg7 54. hxg6 Kxg6
55. Qb2 Qd5+ 56. f3 Nd4 57. Qb1+ Kg7 58. Qd3 Qxf3+ 59. Qxf3 Nxf3 60. Kxf3 Kg6
$2 61. Kg4 f5+ 62. Kh3 h5 {White lost on time, but incredibly this position is
drawn. Black had to play 60...h5!} 0-1

[Event "Asheboro Open 59"]
[Site "?"]
[Date "2010.07.12"]
[Round "3"]
[White "Williams, Mike"]
[Black "Maynard, Stephen"]
[Result "1/2-1/2"]
[WhiteElo "1929"]
[BlackElo "1890"]
[Annotator "Williams,Mike"]
[PlyCount "97"]
[EventDate "2010.07.11"]
[EventType "swiss"]
[EventRounds "3"]
[SourceDate "2006.11.11"]

1. e4 c5 2. Nf3 d6 3. d4 cxd4 4. Qxd4 a6 5. c4 Nc6 6. Qd2 Nf6 7. Nc3 g6 8. b3
Bg7 9. Bb2 O-O 10. h3 Qa5 11. Bd3 Qh5 12. Nd5 Be6 13. O-O Bxh3 14. Nxf6+ $2 (
14. Nf4 $1 $18) 14... exf6 15. gxh3 $2 Qxf3 16. Kh2 Ne5 17. Bxe5 dxe5 18. Qe3
Qxe3 19. fxe3 Rad8 20. Rad1 Rd7 ({Or} 20... Bh6 21. Rxf6 Bxe3 22. Rf3 Bc5) 21.
Be2 Rfd8 22. Rd5 Kf8 23. Kg3 Ke7 24. h4 Rxd5 25. exd5 f5 26. Rd1 Kd6 27. b4 b6
28. a4 h5 29. c5+ ({Better was} 29. a5 $1 bxa5 (29... f4+ 30. Kf2 $11) 30. c5+
Kc7 31. bxa5 $11 {A plausible and bizarre continuation might be} Bf8 32. d6+
Kc6 33. Bxa6 Kxc5 34. d7 Kb4 35. Rd5 Bc5 36. Be2 f6 37. a6 Bxe3 38. Rb5+ Kc3
39. Rb7 e4 40. a7 f4+ 41. Kh2 Bxa7 (41... f3 42. Bxf3 $1 Bxa7 $1 43. Bxe4 f5
44. Bxf5 Bb8+ 45. Rxb8 $1 Rxb8 46. Bxg6 Rd8 47. Be8 $11) 42. Rxa7 f3 43. Bb5 e3
44. Kg3 e2 45. Kf2 g5 46. Bc6 g4 $11) 29... bxc5 30. bxc5+ Kxc5 31. Bxa6 Rxd5
32. Rxd5+ Kxd5 33. a5 Bf8 ({Avoiding} 33... Ke4 $4 34. Bb7+ {
and White's a-pawn is unstoppable}) 34. Bb5 Bc5 35. Be8 (35. Kf3 e4+ 36. Ke2)
35... Ke6 36. Kf3 Ke7 37. Bb5 f6 38. e4 f4 39. Be2 g5 40. Kg2 (40. hxg5 {
is even worse}) 40... g4 41. Bf1 Ba7 42. a6 f5 43. Bd3 fxe4 (43... f3+ 44. Kh2
Bf2 45. Kh1 g3 $19) 44. Bxe4 Kf6 45. Kf1 Bd4 46. Kg2 Bb6 47. Kf1 f3 48. Ke1 f2+
$2 ({In severe time pressure, Black misses a winning plan: Since White's
bishop is chained to watch the f3-pawn, march the king to a7 and free the
bishop to pick off the h4-pawn. Then return the bishop to the a7-g1 diagonal
and wins:} 48... Ke7 49. Kf1 Kd6 50. Ke1 Kc7 51. Kf1 Kb8 52. Ke1 Ka7 53. Bb7
Bd8 54. Kf1 Bxh4 55. Kg1 Be7 56. Kf1 Bc5 $19) 49. Kf1 {Now it's a dead draw.
White keeps his king on f1-g2 to watch the pawns. If Black tries to activate
his king, the bishop can go after the pawn on h5.} 1/2-1/2

[Event "Asheboro Open 59"]
[Site "?"]
[Date "2010.07.12"]
[Round "3"]
[White "Williams, Mike"]
[Black "Maynard, Stephen"]
[Result "1/2-1/2"]
[WhiteElo "1929"]
[BlackElo "1890"]
[Annotator "Deep Rybka 4 x64 (90s)"]
[PlyCount "97"]
[EventDate "2010.07.11"]
[EventType "swiss"]
[EventRounds "3"]
[SourceDate "2006.11.11"]

{B53: Sicilian: 2...d6: Lines with Qxd4} 1. e4 c5 2. Nf3 d6 {Covers e5} 3. d4
cxd4 4. Qxd4 a6 {Controls b5} 5. c4 {
Black is behind in developement. Black's piece can't move: f8} Nc6 {
Black threatens to win material: Nc6xd4} 6. Qd2 {Black's piece can't move: f8}
Nf6 {Black threatens to win material: Nf6xe4} 7. Nc3 g6 8. b3 Bg7 9. Bb2 O-O
10. h3 Qa5 11. Bd3 Qh5 {White has an active position} (11... Nd7 12. a3 $11)
12. Nd5 $14 Be6 (12... Nxd5 13. exd5 Bxb2 14. Qxb2 $14) 13. O-O (13. Ke2 Qh6
14. Qxh6 Bxh6 15. Nxe7+ Nxe7 16. Bxf6 Rfe8 $16) 13... Bxh3 $2 (13... Nxd5 $142
14. exd5 Bxb2 15. Qxb2 Bxh3 $16) 14. Nxf6+ $4 {
with this move White loses his initiative} (14. Nf4 $142 {
would have made live much easier for White} Qh6 15. Nxh3 Qxd2 16. Nxd2 $18)
14... exf6 15. gxh3 (15. Nd4 Bg4 $11) 15... Qxf3 $15 {
White has the pair of bishops} 16. Kh2 Ne5 17. Bxe5 dxe5 18. Qe3 Qxe3 19. fxe3
Rad8 20. Rad1 Rd7 (20... Bh6 21. Kg2 $17) 21. Be2 Rfd8 22. Rd5 Kf8 (22... Rxd5
23. cxd5 f5 24. exf5 $17) 23. Kg3 Ke7 24. h4 (24. Rxd7+ Rxd7 25. Rd1 a5 $15)
24... Rxd5 $17 25. exd5 f5 26. Rd1 Kd6 27. b4 b6 28. a4 h5 (28... Bf8 29. a5
bxa5 30. c5+ Kc7 31. d6+ Kc6 32. bxa5 Kxc5 33. d7 $17) 29. c5+ $2 (29. a5 $142
{and White could well hope to play on} bxa5 30. c5+ Kc7 31. bxa5 $11) 29...
bxc5 $17 30. bxc5+ Kxc5 31. Bxa6 Rxd5 32. Rxd5+ (32. Be2 Rxd1 33. Bxd1 Kb4 $19)
32... Kxd5 33. a5 $6 {offers little resistance} (33. Bb7+ Ke6 34. Bc8+ Ke7 35.
Ba6 $19) 33... Bf8 $17 34. Bb5 (34. Bb7+ Ke6 35. e4 fxe4 36. Bxe4 $19) 34...
Bc5 $19 35. Be8 $2 (35. Kf3 $142 $19) 35... Ke6 36. Kf3 Ke7 37. Bb5 f6 (37...
e4+ $142 {might be the shorter path} 38. Kf2 f6 $19) 38. e4 (38. Bf1 g5 39. Ke2
g4 $19) 38... f4 39. Be2 $4 {an oversight. But White was lost anyway.} (39. Kg2
g5 40. Ba6 $19) 39... g5 40. Kg2 (40. Bd1 {
doesn't change the outcome of the game} g4+ 41. Ke2 f3+ 42. Kd3 Kd6 $19) 40...
g4 41. Bf1 Ba7 (41... f5 42. exf5 e4 43. Bc4 f3+ 44. Kg3 e3 45. Kf4 e2 46. Kg5
e1=Q 47. f6+ Kd6 48. Kxh5 Qe5+ 49. Kg6 Qe4+ 50. Kg7 Qxc4 51. Kh6 g3 52. Kg7 g2
53. h5 g1=Q+ 54. Kh7 Qf7+ 55. Kh8 Qxh5#) 42. a6 (42. Bd3 {
cannot undo what has already been done} f3+ 43. Kg3 Kd6 $19) 42... f5 $1 {
the final nail in the coffin} 43. Bd3 (43. exf5 f3+ {Passed pawn}) 43... fxe4
44. Bxe4 Kf6 (44... Kd6 {seems even better} 45. Bg6 e4 46. Bxe4 $19) 45. Kf1
Bd4 46. Kg2 Bb6 (46... Ke6 $142 {and Black can already relax} 47. Kf1 $19) 47.
Kf1 f3 48. Ke1 f2+ (48... Ke6 $142 $19 {
and the result of the game is clear: Black will win}) 49. Kf1 1/2-1/2

[Event "TAO 58"]
[Site "?"]
[Date "2010.06.19"]
[Round "3"]
[White "Watson, James"]
[Black "Simpson, Ron"]
[Result "0-1"]
[WhiteElo "1900"]
[BlackElo "2316"]
[Annotator "Deep Rybka 4 x64 (90s)"]
[PlyCount "52"]
[SourceDate "2006.11.11"]

{B21: Sicilian: 2 f4 and Morra Gambit} 1. e4 c5 2. d4 cxd4 3. c3 d5 4. cxd4 (4.
exd5 $5 Nf6 5. Bb5+ Bd7 6. Bc4 $14) 4... dxe4 $15 5. Nc3 {
White threatens to win material: Nc3xe4} Nf6 6. f3 exf3 7. Nxf3 g6 {
Black is behind in developement} 8. Bc4 {White has a king attack} Bg7 9. O-O {
White has a very active position} O-O {Black castles and improves king safety}
10. h3 {Black has a cramped position} Nbd7 11. Be3 {
Black has a cramped position. Black's piece can't move: c8} Nb6 {
Black threatens to win material: Nb6xc4} 12. Bb3 {Black has a cramped position}
Nbd5 {Black threatens to win material: Nd5xe3} 13. Bg5 h6 (13... Be6 14. Qd2
$17) 14. Bxf6 $15 Nxf6 {Black has the pair of bishops} 15. Ne5 e6 16. Qd3 {
Black has a cramped position} Nd7 $4 {forfeits the advantage} (16... Bd7 $142
$15 {would allow Black to play on}) 17. Nxf7 $18 Rxf7 18. Bxe6 (18. Rxf7 Ne5
19. Rxg7+ Kxg7 20. Qe3 $18) 18... Nf6 $11 19. Bxf7+ Kxf7 20. Qc4+ Be6 {
Black threatens to win material: Be6xc4} 21. d5 {
White threatens to win material: d5xe6} Bd7 22. Rae1 (22. d6+ Be6 23. Qd3 Qb6+
24. Rf2 Rc8 $11) 22... Rc8 {Black threatens to win material: Rc8xc4} (22...
Qb6+ 23. Kh1 Rc8 24. Qe4 $17) 23. Qh4 (23. Qd4 $5 {must be considered} Kg8 24.
Qxa7 $15) 23... Kg8 24. Rf3 (24. Qd4 Ne8 25. Qf4 Qb6+ 26. Rf2 Nf6 $17) 24...
Qb6+ 25. Rf2 $4 {cause more grief} (25. Qf2 $142 $17) 25... g5 $19 26. Qg3 Nh5
(26... Nh5 27. Qd3 Bd4 $19) 0-1

[Event "TAO 58"]
[Site "?"]
[Date "2010.06.19"]
[Round "2"]
[White "Simpson, Ron"]
[Black "Ahmed, Zakir"]
[Result "1-0"]
[WhiteElo "2316"]
[BlackElo "1846"]
[Annotator "Deep Rybka 4 x64 (90s)"]
[PlyCount "67"]
[EventDate "2010.05.25"]
[SourceDate "2006.11.11"]

{B10: Caro-Kann: 2 d3 and 2 c4} 1. e4 c6 2. c4 e5 3. Nf3 d6 {Consolidates e5}
4. d4 exd4 5. Qxd4 {Black is behind in developement} Nf6 {
Black has a cramped position} 6. Nc3 {Black is behind in developement} Be7 7.
Be2 {Black has a cramped position} Qb6 8. Qd3 Nbd7 9. O-O {
White has a very active position} O-O 10. b3 {
Black has a cramped position. Black's piece can't move: c8} Ne5 {
Black threatens to win material: Ne5xd3} 11. Qc2 Bg4 12. Nh4 Bxe2 13. Qxe2 Qd4
$2 (13... g6 $5 $11) 14. Bb2 (14. Nf5 $5 Qxc3 15. Nxe7+ Kh8 16. Bb2 $18) 14...
Qb6 15. Nf5 Rfe8 16. Na4 {White threatens to win material: Na4xb6} (16. Rad1
Rad8 $16) 16... Qc7 $14 {White has an active position} 17. f4 {
White threatens to win material: f4xe5} (17. g4 Bf8 (17... Nexg4 $143 18. Nxg7
Kxg7 19. Qxg4+ Kh8 20. Kh1 $16) 18. g5 Nfd7 $14) 17... Ned7 $11 {
Black has a cramped position} 18. Qf3 b5 $2 (18... Bf8 $142 $11 {
and Black can hope to survive}) 19. cxb5 $18 cxb5 20. e5 $1 {the knockout punch
} Qc2 $4 {leading to a quick end} (20... dxe5 21. Nxe7+ {Combination}) 21.
Nxe7+ (21. exf6 $6 {is not possible} Qxf5 22. fxe7 bxa4 $16) 21... Rxe7 22.
exf6 (22. Qxa8+ $142 {ends the debate} Re8 23. Qxa7 bxa4 24. exf6 Nxf6 25. Bxf6
gxf6 $18) 22... Ree8 23. Qg4 g6 (23... Nxf6 {doesn't get the cat off the tree}
24. Bxf6 Qg6 25. Qxg6 fxg6 26. Nc3 gxf6 27. Nxb5 $18) 24. Rf2 Qd3 25. Qg5 Qf5 (
25... Re6 26. f5 Qe3 27. Qxe3 (27. fxe6 $6 {is the weaker alternative} Qxg5 28.
exd7 bxa4 $18) 27... Rxe3 28. Nc3 $18) 26. Qxf5 gxf5 27. Nc3 Nxf6 28. Nxb5 Ne4
29. Nc7 (29. Re2 {and White can already relax} Nf6 30. Rae1 Rxe2 31. Rxe2 Nh5
32. Nxd6 Nxf4 $18) 29... Rec8 (29... Nxf2 {doesn't do any good} 30. Nxe8 Nh3+
31. gxh3 Rxe8 32. Rc1 $18) 30. Rc2 Rab8 31. Rac1 Nc5 (31... Rb7 {
doesn't change anything anymore} 32. Nd5 Rc5 33. Bd4 Rxc2 34. Rxc2 $18) 32. Na6
(32. Nd5 $142 {makes it even easier for White} Rd8 33. Ne7+ Kf8 $18) 32... Rb6
33. Nxc5 dxc5 34. Rxc5 (34. Rxc5 Rxc5 35. Rxc5 $18) 1-0

[Event "TAO 58"]
[Site "?"]
[Date "2010.06.19"]
[Round "1"]
[White "Eller, Chad"]
[Black "Simpson, Ron"]
[Result "0-1"]
[WhiteElo "1820"]
[BlackElo "2330"]
[Annotator "Deep Rybka 4 x64 (90s)"]
[PlyCount "33"]
[EventDate "2010.05.25"]
[SourceDate "2006.11.11"]

{B22: Sicilian: 2 c3} 1. e4 c5 2. c3 d5 3. exd5 Qxd5 4. d4 Nf6 5. Nf3 Bg4 6.
dxc5 Qxc5 7. Be3 {White threatens to win material: Be3xc5} Qc7 8. Be2 (8. h3
Bf5 $14) 8... Nc6 $11 9. O-O e6 10. Nbd2 {Black king safety improved} Be7 11.
c4 (11. Nd4 $5 Bxe2 12. Qxe2 $11) 11... O-O $15 12. a3 {Controls b4} Rfd8 13.
b4 Ne4 14. Qc2 (14. Qc1 Nxd2 15. Bxd2 a5 $17) 14... Nxd2 15. Bxd2 Bxf3 16. Bxf3
(16. gxf3 Bd6 $17) 16... Nd4 $19 17. Qc3 0-1